[Event "AUTO-ADV-4737"]
[Site "http://www.queenalice.com/game.php?id=1831067"]
[Date "2024.2.8"]
[Round "2"]
[White "Kapablanca"]
[Black "driver2022"]
[Result "1-0"]
[WhiteElo "2233"]
[BlackElo "1857"]

1. d4 d5 2. c4 c6 3. e3 Nf6 4. Be2 e6 5. Nf3 Nbd7 6. O-O Be7 7. Nc3 dxc4 8. Bxc4
Nb6 9. Bd3 Qc7 10. Bd2 O-O 11. Rc1 Rd8 12. Bb1 Nc4 13. b3 Nxd2 14. Nxd2 b5 15.
Nce4 Bd7 16. Nxf6+ Bxf6 17. Nf3 Qb6 18. Qc2 g6 19. Rfd1 Qb7 20. Qe4 Rac8 21. h4
Bh8 22. h5 Rf8 23. Rc5 f5 24. Qh4 Bf6 25. Qh2 Rf7 26. Ne5 Bxe5 27. Qxe5 Rcf8 28.
hxg6 hxg6 29. g3 a6 30. Kg2 Rh7 31. Rh1 Rxh1 32. Kxh1 Rf7 33. Kg2 Rg7 34. Bd3
Qc8 35. Be2 Kh7 36. Rc1 Kg8 37. Bf3 Qe8 38. Qd6 g5 39. Bxc6 Bxc6+ 40. Qxc6 1-0

[Event "AUTO-ADV-4792"]
[Site "http://www.queenalice.com/game.php?id=1837912"]
[Date "2024.6.3"]
[Round "1"]
[White "kuntakinte"]
[Black "driver2022"]
[Result "0-1"]
[WhiteElo "1823"]
[BlackElo "1813"]

1. e4 e5 2. Nf3 d6 3. Bc4 Be7 4. O-O Nf6 5. d3 Nc6 6. a3 Bg4 7. h3 Bxf3 8. Qxf3
O-O 9. b4 Nd4 10. Qd1 c6 11. Be3 c5 12. c3 Nc6 13. b5 Nb8 14. Bd5 Qc7 15. a4
Nbd7 16. a5 Rab8 17. Nd2 Nxd5 18. Qb3 Nxe3 19. fxe3 Kh8 20. Rf2 Bf6 21. Rff1
Rbe8 22. Nc4 b6 23. Ra2 Re6 24. Rfa1 Rb8 25. axb6 axb6 26. Ra7 Qd8 27. d4 cxd4
28. Rd1 Nc5 29. Qc2 d3 30. Qa2 Kg8 31. Rd2 Re7 32. Ra3 Reb7 33. Nb2 Nxe4 34.
Nxd3 Bg5 35. Re2 Qc7 36. c4 Ng3 37. Re1 Nf5 38. Qf2 Bxe3 39. Rxe3 Nxe3 40. Qxe3
Qxc4 41. Ra1 Qxb5 42. Rf1 Qc6 43. Qg3 b5 44. Nb4 Qc5+ 45. Kh2 Qxb4 46. Rf6 Kf8
47. Rf3 f6 48. Rb3 Qc5 49. Qd3 Kg8 50. Rc3 Qb6 51. Qc2 b4 52. Qb3+ Kf8 53. Rc4
d5 54. Rh4 g5 55. Rg4 d4 56. h4 h6 57. hxg5 hxg5 58. Rg3 Rh7+ 59. Rh3 Rxh3+ 60.
Kxh3 Rb7 61. Kg3 Rc7 62. Kg4 Rc3 63. Qa4 Qb8 64. Qd7 Qc8 0-1

[Event "AUTO-ADV-4792"]
[Site "http://www.queenalice.com/game.php?id=1837913"]
[Date "2024.6.3"]
[Round "1"]
[White "driver2022"]
[Black "kuntakinte"]
[Result "1-0"]
[WhiteElo "1827"]
[BlackElo "1846"]

1. d4 d5 2. e3 c6 3. Nf3 Bg4 4. Nbd2 e6 5. Be2 Nf6 6. c4 Bb4 7. O-O O-O 8. c5
Nbd7 9. a3 Ba5 10. Qc2 Bf5 11. Qd1 Bc7 12. b4 a6 13. Bb2 b5 14. a4 Qb8 15. axb5
cxb5 16. h3 e5 17. dxe5 Nxe5 18. Nxe5 Bxe5 19. Bxe5 Qxe5 20. Qb3 Be6 21. Qa3 Ne4
22. Nf3 Qf6 23. Rac1 Bd7 24. Rfd1 Bc6 25. Rf1 Bd7 26. Qd3 Bc6 27. Qd4 Rad8 28.
Qxf6 Nxf6 29. Nd4 Rc8 30. Ra1 Bb7 31. g3 h6 32. Rfc1 Rc7 33. Ra3 Rfc8 34. Nf5
Ne4 35. Nd4 Nd6 36. Bg4 Re8 37. Raa1 Nc4 38. Bf3 Rd8 39. Kg2 Ne5 40. Be2 Ra8 41.
Nb3 Bc8 42. Rd1 Be6 43. Na5 Raa7 44. g4 g6 45. f4 Nc4 46. Kf2 Nxa5 47. Rxa5 Kg7
48. Bf3 f6 49. Bxd5 Bc8 50. e4 h5 51. Kf3 Kh6 52. f5 Kg5 53. Kg3 h4+ 54. Kf3 Bd7
55. fxg6 Kxg6 56. Kf4 Kh6 57. Rf1 Kg6 58. Rfa1 Bc8 59. Rg1 Bb7 60. Bxb7 Rcxb7
61. g5 Rf7 62. gxf6+ Kxf6 63. Rg4 Ke6+ 64. Ke3 Rh7 65. Rg6+ Ke5 66. Raxa6 Rhe7
67. Rg5# 1-0

[Event "AUTO-ADV-4792"]
[Site "http://www.queenalice.com/game.php?id=1837926"]
[Date "2024.6.3"]
[Round "1"]
[White "driver2022"]
[Black "shmurtz91"]
[Result "0-1"]
[WhiteElo "1840"]
[BlackElo "1944"]

1. d4 Nf6 2. e3 d5 3. Nf3 b6 4. Nc3 e6 5. Bd3 c5 6. dxc5 bxc5 7. O-O Bb7 8. b3
Nbd7 9. Bb2 e5 10. Bb5 Bd6 11. Re1 a6 12. Bxd7+ Qxd7 13. Ne2 e4 14. Nd2 Qf5 15.
Ng3 Qg6 16. Ndf1 O-O 17. a4 Nd7 18. Ba3 Rfd8 19. Qc1 Ne5 20. Qb2 Ng4 21. Rac1
Ne5 22. Red1 h5 23. Ne2 h4 24. Bxc5 h3 25. Nf4 Nf3+ 26. Kh1 Bxf4 27. Ng3 hxg2+
28. Kxg2 d4 29. exf4 Qg4 30. Rh1 Nh4+ 31. Kf1 Qh3+ 32. Ke2 d3+ 33. cxd3 exd3+
34. Ke3 Qg2 35. Rcf1 Rac8 36. b4 d2 0-1

[Event "AUTO-ADV-4792"]
[Site "http://www.queenalice.com/game.php?id=1837927"]
[Date "2024.6.3"]
[Round "1"]
[White "shmurtz91"]
[Black "driver2022"]
[Result "1-0"]
[WhiteElo "1956"]
[BlackElo "1828"]

1. d4 d5 2. Nf3 Nf6 3. g3 c6 4. Bg2 e6 5. O-O Nbd7 6. Nbd2 Be7 7. b3 O-O 8. Bb2
c5 9. c3 Rb8 10. Re1 cxd4 11. Nxd4 a6 12. a4 Qc7 13. Rc1 Qd8 14. c4 dxc4 15.
bxc4 Qb6 16. N2b3 Bb4 17. Rf1 Re8 18. Nc2 Be7 19. Nca1 Qd8 20. Nd4 Qb6 21. Qd2
Qd6 22. Qc3 Qb4 23. a5 Qxc3 24. Bxc3 b6 25. Nab3 bxa5 26. Nxa5 Rb6 27. Rb1 Rxb1
28. Rxb1 h6 29. Nac6 Bf8 30. e4 e5 31. Nf3 Bd6 32. Nd2 g5 33. Nf1 Kg7 34. Ne3
Nc5 35. Nf5+ 1-0

[Event "AUTO-ADV-4792"]
[Site "http://www.queenalice.com/game.php?id=1837928"]
[Date "2024.6.3"]
[Round "1"]
[White "driver2022"]
[Black "Capixabba789"]
[Result "0-1"]
[WhiteElo "1842"]
[BlackElo "1934"]

1. d4 d5 2. Nf3 Bf5 3. e3 h6 4. Nbd2 e6 5. c4 Nf6 6. Be2 c5 7. dxc5 Bxc5 8. cxd5
Nxd5 9. O-O Bh7 10. Nb3 Bb6 11. Bd2 O-O 12. Rc1 Nd7 13. h3 N7f6 14. Qe1 Ne4 15.
Bd3 f5 16. Bxe4 fxe4 17. Nfd4 Qe7 18. a3 Rac8 19. Rxc8 Rxc8 20. Qb1 e5 21. Ne2
Nf6 22. Bc3 Bg6 23. Nd2 Nd5 24. Nxe4 Qh4 25. N2g3 Nxc3 26. bxc3 Rc4 27. Qb5 Rxe4
28. Nxe4 Qxe4 29. Qb2 Be8 30. Re1 Bc6 31. f3 Bxe3+ 32. Kh1 Qf4 33. Rf1 a6 34.
Rd1 Qg3 35. c4 Bf4 36. Kg1 Qh2+ 37. Kf2 Qg3+ 38. Kf1 Be3 39. Rd8+ Kh7 40. Qc2+
e4 41. Qe2 Bg5 42. Rd1 Qe5 43. fxe4 Qf4+ 44. Qf3 Qxe4 45. Qxe4+ Bxe4 46. Rd4 Bc6
47. g3 Bc1 48. Rd3 h5 49. Rc3 Bb2 50. Rb3 Bf6 51. h4 Kg6 52. Ke2 Kf5 53. Kf2 Kg4
54. Rd3 a5 55. a4 Bxa4 56. Ra3 Bd4+ 57. Ke2 Bc6 58. Rxa5 Bf3+ 59. Kd3 Bf2 60.
Rg5+ Kh3 61. Rxg7 Bxg3 62. Rf7 Bc6 63. Rh7 Kxh4 64. c5 Bf2 65. Kc4 Kg5 66. Rf7
Be1 67. Rf1 Ba5 68. Rg1+ Kh6 69. Kd4 h4 70. Ra1 Bc7 71. Ra3 Bg3 72. Rc3 Kg5 73.
Ke3 h3 74. Ke2 Kf4 75. Rc4+ Be4 76. Rc1 h2 77. c6 bxc6 0-1

[Event "AUTO-ADV-4792"]
[Site "http://www.queenalice.com/game.php?id=1837929"]
[Date "2024.6.3"]
[Round "1"]
[White "Capixabba789"]
[Black "driver2022"]
[Result "1-0"]
[WhiteElo "1877"]
[BlackElo "1855"]

1. e4 e5 2. Bc4 d6 3. d4 exd4 4. c3 Be7 5. Nf3 Nf6 6. O-O O-O 7. Nxd4 Nxe4 8.
Be3 Nf6 9. Re1 Nbd7 10. Nd2 Nb6 11. Bb3 a5 12. Qe2 Re8 13. Qf3 c6 14. Bg5 d5 15.
Qg3 Nbd7 16. Nf5 Bf8 17. Nf3 Rxe1+ 18. Rxe1 Nc5 19. Nh6+ gxh6 20. Bxf6+ 1-0

[Event "AUTO-INT-3769"]
[Site "http://www.queenalice.com/game.php?id=1846322"]
[Date "2024.10.27"]
[Round "2"]
[White "driver2022"]
[Black "Tartenfou93"]
[Result "1/2-1/2"]
[WhiteElo "1866"]
[BlackElo "1997"]

1. e4 c5 2. Bc4 Nc6 3. Nf3 e6 4. a3 d5 5. exd5 exd5 6. Ba2 Nf6 7. O-O Bd6 8. d3
O-O 9. Nbd2 Be6 10. Re1 Bg4 11. c4 d4 12. Qc2 Qc7 13. h3 Bxf3 14. Nxf3 h6 15.
Bd2 Rfe8 16. Rab1 Bf4 17. Bxf4 Qxf4 18. b4 b6 19. bxc5 bxc5 20. Rb5 Rxe1+ 21.
Nxe1 Re8 22. Qd1 Qd6 23. Rb1 Ne5 24. Rb7 Qc6 25. Rb1 Nfd7 26. Bb3 Rb8 27. Ba2
Rxb1 28. Bxb1 Nb6 29. Qe2 Ng6 30. Nf3 Na4 31. Qd2 Nc3 32. Bc2 Qd6 33. Kf1 Qa6
34. Qc1 Ne7 35. Nd2 Qe6 36. Qe1 Qd6 37. g3 Qc6 38. Kg1 Nf5 39. Qe5 Nd6 40. Qe7
Qa6 41. Nb3 Qb6 42. Qe5 Nb7 43. Qe1 Na5 44. Nxa5 Qxa5 45. Qa1 Ne2+ 46. Kf1 Qd2
47. Qb1 Nc1 48. Kg2 f5 49. h4 f4 50. Qb8+ Kh7 51. Qb1 fxg3 52. Kxg3 Ne2+ 53. Kg2
Qf4 54. Qh1 Qg4+ 55. Kf1 Nf4 56. Qe4+ Kg8 57. Qa8+ Kh7 58. Qe4+ Kg8 59. Qe8+ Kh7
60. Qe4+ g6 61. Qe7+ Kg8 62. Qe8+ Kg7 63. Qe7+ Kg8 64. Qe8+ Kg7 65. Qe7+ Kh8 66.
Qf8+ Kh7 67. Qf7+ Kh8 68. Qf8+ Kh7 69. Qf7+ Kh8 70. Qf8+ Kh7 1/2-1/2

[Event "AUTO-INT-3769"]
[Site "http://www.queenalice.com/game.php?id=1846323"]
[Date "2024.10.27"]
[Round "2"]
[White "Tartenfou93"]
[Black "driver2022"]
[Result "1-0"]
[WhiteElo "1808"]
[BlackElo "1830"]

1. d4 d5 2. Nf3 Nf6 3. Bf4 Nc6 4. Nc3 e6 5. Nb5 Bd6 6. Nxd6+ cxd6 7. c3 O-O 8.
h4 Ne7 9. e3 b6 10. h5 h6 11. Bd3 Bb7 12. g4 Nxg4 13. Rg1 Nf6 14. Bxh6 Nxh5 15.
Nh4 g6 16. Bxg6 Nxg6 17. Qxh5 Qf6 18. f4 Qxh4+ 19. Qxh4 1-0

[Event "AUTO-INT-3769"]
[Site "http://www.queenalice.com/game.php?id=1846324"]
[Date "2024.10.27"]
[Round "2"]
[White "driver2022"]
[Black "jcharro1979"]
[Result "0-1"]
[WhiteElo "1844"]
[BlackElo "2461"]

1. d4 d5 2. e3 Nf6 3. Nf3 e6 4. Be2 c5 5. c3 Be7 6. dxc5 Bxc5 7. Nbd2 O-O 8. Nb3
Bd6 9. O-O e5 10. Qc2 Nc6 11. a4 Bd7 12. Nbd2 e4 13. Nd4 Ng4 14. Bxg4 Bxg4 15.
b3 Qg5 16. Nb5 Bh3 17. g3 Bxf1 18. Nxf1 Bc5 19. b4 Be7 20. Qe2 Ne5 21. Nd2 Qf6
22. Bb2 Nd3 23. Ba3 Rfc8 24. Nb1 Bxb4 0-1

[Event "AUTO-INT-3769"]
[Site "http://www.queenalice.com/game.php?id=1846325"]
[Date "2024.10.27"]
[Round "2"]
[White "jcharro1979"]
[Black "driver2022"]
[Result "1-0"]
[WhiteElo "2458"]
[BlackElo "1829"]

1. e4 e5 2. Nf3 d6 3. Bc4 Be7 4. d4 exd4 5. Nxd4 Nf6 6. Nc3 Bd7 7. O-O O-O 8.
Re1 a6 9. Nf5 Bxf5 10. exf5 Nbd7 11. Bf4 Ne5 12. Bb3 Nc6 13. Qf3 Re8 14. Rad1
Qc8 15. g4 h6 16. h4 Nh7 17. Nd5 Bf8 18. Rxe8 1-0

[Event "AUTO-ADV-4854"]
[Site "http://www.queenalice.com/game.php?id=1854234"]
[Date "2025.3.21"]
[Round "1"]
[White "driver2022"]
[Black "askasl159"]
[Result "1-0"]
[WhiteElo "1850"]
[BlackElo "1846"]

1. d4 d5 2. Nf3 h6 3. e3 Nf6 4. Nbd2 c5 5. c3 Nc6 6. Be2 Bf5 7. O-O e6 8. dxc5
Bxc5 9. Nb3 Bb6 10. Nbd4 O-O 11. Nxf5 exf5 12. Nd4 Qd7 13. Qc2 f4 14. exf4 Bxd4
15. cxd4 Ne4 16. Be3 Nb4 17. Qd1 a5 18. a3 Na6 19. Bd3 b5 20. Qb1 f5 21. Rd1 Rf6
22. f3 1-0

[Event "AUTO-ADV-4854"]
[Site "http://www.queenalice.com/game.php?id=1854251"]
[Date "2025.3.21"]
[Round "1"]
[White "driver2022"]
[Black "Kn1ght1962"]
[Result "1-0"]
[WhiteElo "1833"]
[BlackElo "1647"]

1. d4 d5 2. Nf3 h6 3. e3 a6 4. Be2 Nc6 5. Nbd2 Nf6 6. c3 Bd7 7. Ne5 Nxe5 8. dxe5
Ne4 9. Nf3 e6 10. O-O Bc5 11. Qc2 Bc6 12. Nd4 Bxd4 13. cxd4 Qe7 14. f3 Ng5 15.
a3 O-O-O 16. Bxa6 Qd7 17. Bd3 h5 18. b4 Bb5 19. Bxb5 Qxb5 20. Qc3 h4 21. h3 1-0

[Event "AUTO-ADV-4854"]
[Site "http://www.queenalice.com/game.php?id=1854252"]
[Date "2025.3.21"]
[Round "1"]
[White "Kn1ght1962"]
[Black "driver2022"]
[Result "0-1"]
[WhiteElo "1638"]
[BlackElo "1842"]

1. e4 e5 2. Nf3 d6 3. h3 Nf6 4. d3 Be7 5. a3 O-O 6. Nc3 Be6 7. Be3 Nc6 8. Be2 d5
9. exd5 Nxd5 10. Qd2 Nxe3 11. Qxe3 Bf6 12. Ne4 Be7 13. g4 f6 14. O-O-O Qe8 15.
Kb1 a5 16. Rdg1 Qc8 17. Nc5 Bf7 18. Nh4 Bxc5 19. Qxc5 Nd4 0-1